000 01028nam a2200265Ia 4500
003 OSt
005 20250415161541.0
008 191128s2012 ck er 000 f spa d
020 _a9788466652285
040 _aCO-JMCR
_cCO-JMCR
041 _aspa
082 0 4 _aA-N
_bLARg
100 1 _aLark, Sarah,
_eautora
_9989
245 1 3 _aEl grito de la tierra /
_cSarah Lark ; traducción de Susana Andrés
250 _a1a. Edición
260 _aBogotá :
_bEdiciones B,
_c2012
300 _a729 páginas ;
_c23 cm.
500 _aIncluye datos biográficos de la autora en la solapa
520 _aNueva Zelanda, 1907. La infancia de Gloria termina abruptamente cuando es enviada junto con su prima Lilian a un colegio en Gran Bretaña. Si bien Lilian encaja en las costumbres que impone el Viejo Mundo, Gloria quiere volver a toda costa a la tierra qiue
534 _pDer ruf des kewis
546 _aTraducido del alemán
650 1 4 _aNovela alemana
_9816
700 _aAndrés, Susana,
_e traductora
_9990
942 _2ddc
_cBK
999 _c4500
_d4500